Country sizes (15 biggest) - Statistics

General Stats
  • This quiz has been taken 57 times
  • The average score is 12 of 15
Answer Stats
Number Country % Correct
Number 4 China
100%
Number 1 Russia
98%
Number 2 Canada
96%
Number 3 United States Of America
96%
Number 6 Australia
94%
Number 7 India
94%
Number 14 Mexico
92%
Number 5 Brazil
90%
Number 8 Argentina
86%
Number 10 Algeria
82%
Number 15 Indonesia
80%
Number 13 Saudi Arabia
76%
Number 11 Democratic Republic of the Congo
60%
Number 9 Kazakhstan
46%
Number 12 Greenland
20%
No matching quizzes found
Score Distribution
Percent of People with Each Score
Percentile by Number Answered
Your Score History
You have not taken this quiz